| 000 | 00769nam a2200241Ia 4500 | ||
|---|---|---|---|
| 005 | 20220316235457.0 | ||
| 008 | 121119s1998 ck gr 000 0 spa | ||
| 020 | _a9589620159 | ||
| 041 | 0 | _aspa | |
| 082 | 0 | 4 |
_a923.39861 _bM64E |
| 100 | 1 | _aMolina, Luis Fernando | |
| 245 | 1 | 0 |
_aEmpresarios colombianos del siglo XIX _cLuis Fernando Molina |
| 250 | _aPrimera edición | ||
| 300 |
_a187 páginas _c23 cm |
||
| 650 | 1 | 4 |
_aEmpresarios _ySiglo XIX _zColombia _2LEMB |
| 650 | 1 | 4 |
_aEconomía _xHistoria _zColombia _2LEMB |
| 942 |
_2ddc _cBK |
||
| 264 |
_aBogotá _bBanco de la República _bEl Áncora _c1998 |
||
| 336 |
_atexto _btxt _2rdacontent |
||
| 337 |
_asin mediación _bn _2rdamedia |
||
| 338 |
_avolumen _bnc _2rdacarrier |
||
| 040 |
_aCO-BoRNBP _bspa _erda _cCO-BoRNBP |
||
| 999 |
_c1078 _d1078 |
||